| 000 | 00838nmm a2200337 a 4500 | ||
|---|---|---|---|
| 003 | AR-BaBNM | ||
| 005 | 20251128210439.0 | ||
| 008 | 170020s1998 ||||||||||||||000 | spa|| | ||
| 020 | _a987-97079-0-7 | ||
| 040 | _cAR-BaBNM | ||
| 100 | 1 | _aDe Luca, Rubén Mario | |
| 245 | 1 | 0 | _aHistoria de los apellidos argentinos |
| 260 |
_aLa Plata _bSkorpios _c1998 |
||
| 300 |
_a419 p. _btablas |
||
| 504 | _aContiene bibliografía para consultar | ||
| 650 | 4 | _aHISTORIA ARGENTINA | |
| 650 | 4 | _aHISTORIA | |
| 650 | 4 | _aETIMOLOGIA | |
| 650 | 4 | _aGENEALOGIA | |
| 650 | 4 | _aLENGUAJE | |
| 650 | 4 | _aHERALDICA | |
| 650 | 4 | _aINMIGRACION EN ARGENTINA | |
| 650 | 4 | _aNOMBRES DE PERSONAS | |
| 651 | 4 | _aInglaterra | |
| 651 | 4 | _aItalia | |
| 651 | 4 | _aFrancia | |
| 651 | 4 | _aEspaña | |
| 651 | 4 | _aAlemania | |
| 942 | _cBK | ||
| 998 | _cMariana | ||
| 999 |
_c15508 _d15508 |
||